| 000 | 00705nam a2200217 a 4500 | ||
|---|---|---|---|
| 001 | BRCA_109 | ||
| 005 | 20190320202901.0 | ||
| 008 | 931115s1993 mx-a---##b---#000-0#spa-# | ||
| 020 | _a9686492656 | ||
| 040 |
_aDLC _cDLC |
||
| 050 | 4 |
_aNK844 _b.N68 1993 |
|
| 100 | 1 |
_aNovelo, Victoria _9424 |
|
| 245 | 1 | 0 |
_aLas artesanías en México _cVictoria Novelo. |
| 260 |
_aTuxtla Gutiérrez, Chiapas, México _bGobierno del Estado de Chiapas, Instituto Chiapaneco de Cultura _c1993 |
||
| 300 |
_a84 p. _bil. _c21 cm. |
||
| 440 | 0 |
_aArtesanías, sociedad y cultura _9425 |
|
| 504 | _aBibliografía: p. 82-84 | ||
| 650 | 1 | 4 |
_aArtesanos _zMéxico _9426 |
| 650 | 1 | 4 |
_aArtesanías _xProducción _zMéxico _9427 |
| 942 |
_2lcc _cB |
||
| 999 |
_c94 _d94 |
||